[Event "Plymouth (MI Op/4/59)"]
[Site "?"]
[Date "1984.??.??"]
[Round "?"]
[White "Hendricks, Marcus"]
[Black "Smalec, John"]
[Result "1-0"]
[WhiteElo "1805"]
[BlackElo "1605"]
[PlyCount "112"]
[EventDate "1984.??.??"]

{4/(59)} 1. c4 Nf6 2. Nc3 e5 3. d3 Bb4 4. Bd2 O-O 5. Nf3 Re8 6. g3 c6 7. Bg2 d5
8. cxd5 cxd5 9. O-O Nc6 10. Bg5 h6 11. Bxf6 gxf6 12. Rc1 Be6 13. a3 Bxc3 14.
Rxc3 Rc8 15. Qd2 Kg7 16. Rfc1 Qd7 17. h4 Bh3 18. Bh1 f5 19. Kh2 f4 20. gxf4
exf4 21. Rg1+ Kh7 22. Qxf4 Rxe2 23. Qg3 Bg4 24. Qxg4 Rxf2+ 25. Rg2 Qxg4 26.
Rxf2 Rg8 27. Bg2 Qf4+ 28. Kh1 Nd4 29. Ng5+ hxg5 30. Rxf4 gxf4 31. Bxd5 f3 32.
Rc1 Rg4 33. Rf1 Rxh4+ 34. Kg1 Rg4+ 35. Kf2 Rg2+ 36. Ke3 Nf5+ 37. Kxf3 Rxb2 38.
Be4 Kg6 39. Kg4 Kg7 40. Rxf5 Rb3 41. Rxf7+ Kxf7 42. Bd5+ Kf6 43. Bxb3 Ke5 44.
a4 Kd4 45. Bc4 a5 46. Kf5 b6 47. Ke6 Kc5 48. Ke5 Kc6 49. d4 Kc7 50. d5 Kd7 51.
Bb5+ Kc7 52. Ke6 Kc8 53. Ke7 Kc7 54. d6+ Kc8 55. d7+ Kb7 56. d8=Q Ka7 1-0

[Event "Plymouth (MI Op/6/23)"]
[Site "?"]
[Date "1984.??.??"]
[Round "?"]
[White "Hendricks, Marcus"]
[Black "Finegold, Ben"]
[Result "0-1"]
[WhiteElo "1805"]
[BlackElo "2250"]
[PlyCount "84"]
[EventDate "1984.??.??"]

{6/(23)} 1. d4 d5 2. c4 e5 3. dxe5 d4 4. a3 Nc6 5. e3 Bf5 6. Nf3 dxe3 7. Qxd8+
Rxd8 8. Bxe3 Nge7 9. Nc3 Ng6 10. Nd5 Rc8 11. Nd4 Be6 12. Nxc6 bxc6 13. Nf4 Nxe5
14. Nxe6 fxe6 15. Be2 c5 16. Bd2 Nc6 17. O-O Nd4 18. Bh5+ g6 19. Bd1 Bg7 20.
Re1 O-O 21. Bc3 Rf4 22. f3 Rb8 23. Rb1 Rb6 24. Ba5 Rb7 25. Bc3 Kf7 26. Kf2 Nf5
27. Bxg7 Nxg7 28. b3 Rxc4 29. Be2 Rc2 30. Kf1 Nf5 31. Bc4 Nd4 32. Re5 Rxc4 33.
bxc4 Rxb1+ 34. Kf2 Nb3 35. Kg3 Rc1 36. Re3 Nd4 37. Re5 Rxc4 38. h4 Kf6 39. f4
Nf5+ 40. Kh3 Nxh4 41. g3 Nf3 42. Re3 Nd4 0-1

[Event "Plymouth (MI Op/6/61)"]
[Site "?"]
[Date "1984.??.??"]
[Round "?"]
[White "Hazzard, Bill"]
[Black "White, B.."]
[Result "1/2-1/2"]
[WhiteElo "1660"]
[BlackElo "1605"]
[PlyCount "138"]
[EventDate "1984.??.??"]

{6/(61)} 1. e4 e5 2. Nf3 Nf6 3. Nc3 Bb4 4. Nd5 Nxd5 5. exd5 d6 6. Bb5+ c6 7.
dxc6 bxc6 8. Be2 Nd7 9. c3 Ba5 10. O-O O-O 11. d3 Bb7 12. Re1 d5 13. Qc2 h6 14.
Bd2 Qf6 15. Bf1 c5 16. Qa4 Bc6 17. Qxa5 e4 18. dxe4 dxe4 19. Nd4 cxd4 20. cxd4
Qxd4 21. Bc3 Qb6 22. Qh5 Bb7 23. Re3 Nf6 24. Qh4 Nd5 25. Rae1 Nxe3 26. Rxe3 g5
27. Rg3 Qg6 28. Bc4 Rac8 29. Bb3 Rxc3 30. bxc3 Kh7 31. Qg4 Rd8 32. h4 Bd5 33.
hxg5 Qxg5 34. Bxd5 Rxd5 35. Qxe4+ Qf5 36. Qe8 Qb1+ 37. Kh2 Rh5+ 38. Rh3 Rxh3+
39. Kxh3 Qf5+ 40. Kh2 Qh5+ 41. Kg3 Qg5+ 42. Kf3 Qf6+ 43. Ke2 Qg6 44. Qe3 Qc2+
45. Qd2 Qe4+ 46. Qe3 Qg4+ 47. Kd3 Qxg2 48. Qe4+ Qg6 49. Qxg6+ Kxg6 50. Ke4 Kf6
51. Kf4 h5 52. f3 h4 53. c4 h3 54. Kg3 h2 55. Kxh2 Ke5 56. Kg3 Kd4 57. Kf4 Kxc4
58. Ke5 Kb4 59. Kf6 Ka3 60. Kxf7 Kxa2 61. f4 a5 62. f5 a4 63. f6 a3 64. Ke6 Kb3
65. f7 a2 66. f8=Q a1=Q 67. Qb8+ Kc2 68. Qh2+ Kb3 69. Qe2 Qc3 1/2-1/2

[Event "Plymouth (MI Op/2/25)"]
[Site "?"]
[Date "1984.??.??"]
[Round "?"]
[White "Hazzard, Bill"]
[Black "Haluska, James"]
[Result "0-1"]
[WhiteElo "1660"]
[BlackElo "1995"]
[PlyCount "96"]
[EventDate "1984.??.??"]

{2/(25)} 1. e4 e5 2. Nf3 Nc6 3. Bb5 a6 4. Ba4 Nf6 5. d3 b5 6. Bb3 Be7 7. c3 O-O
8. Be3 d6 9. Nbd2 Na5 10. Bc2 c5 11. O-O Qc7 12. Rc1 Bd7 13. Qe2 c4 14. d4 Nc6
15. Qe1 Rfe8 16. Kh1 d5 17. Ng1 dxe4 18. Nxe4 exd4 19. cxd4 Ng4 20. Nf3 f5 21.
Qd2 fxe4 22. Bxe4 Nf6 23. Bc2 Bb4 24. Qd1 Bg4 25. h3 Bh5 26. g4 Bf7 27. Nh4
Bd5+ 28. Ng2 Ne7 29. f3 Ng6 30. Bxg6 hxg6 31. a3 Ba5 32. Bf4 Qc6 33. Be5 Bc7
34. Qe2 Nd7 35. f4 g5 36. Qd2 Bxg2+ 37. Qxg2 Qxg2+ 38. Kxg2 Nxe5 39. fxe5 Rad8
40. Rcd1 Bb6 41. d5 Rxe5 42. Rf5 Rxf5 43. gxf5 Kf7 44. Kf3 Kf6 45. d6 Rd7 46.
Ke4 Bc5 47. h4 gxh4 48. Rh1 Rxd6 0-1

[Event "Plymouth (MI Op/4/67)"]
[Site "?"]
[Date "1984.??.??"]
[Round "?"]
[White "Hazzard, Bill"]
[Black "Basas, J.."]
[Result "0-1"]
[WhiteElo "1660"]
[BlackElo "1605"]
[PlyCount "86"]
[EventDate "1984.??.??"]

{4/(67)} 1. e4 e6 2. Nf3 d5 3. exd5 exd5 4. d4 Bg4 5. Be2 Nf6 6. Bg5 Bd6 7. O-O
Nc6 8. c3 O-O 9. Nbd2 Re8 10. Re1 Re6 11. Qc2 Qd7 12. Bd3 Ne4 13. Bxe4 dxe4 14.
Rxe4 Rxe4 15. Qxe4 Re8 16. Qd3 h6 17. Bh4 f5 18. Kf1 Bxh2 19. Nxh2 Be2+ 20.
Qxe2 Rxe2 21. Kxe2 g5 22. Bg3 f4 23. Bxf4 gxf4 24. Re1 Qd5 25. Kf1 Qb5+ 26. Kg1
Qxb2 27. Ne4 Qxa2 28. Nf3 a5 29. d5 Ne7 30. d6 cxd6 31. Nxd6 Nd5 32. Re8+ Kg7
33. c4 Nf6 34. Re7+ Kf8 35. Rf7+ Kg8 36. Nh2 Ne4 37. Rxf4 Nxd6 38. c5 Ne4 39.
Nf3 Qxf2+ 40. Kh1 Nxc5 41. Rf5 a4 42. g4 a3 43. Ng1 Qh4+ 0-1

[Event "East Detroit (MCO/5/46)"]
[Site "?"]
[Date "1984.??.??"]
[Round "?"]
[White "Harrell, J.."]
[Black "Safronoff, D.."]
[Result "1-0"]
[WhiteElo "1605"]
[BlackElo "1605"]
[PlyCount "31"]
[EventDate "1984.??.??"]

{5/(46)} 1. d4 d5 2. c4 dxc4 3. e4 Nc6 4. Nf3 Bg4 5. Bxc4 e6 6. Be3 Nf6 7. e5
Ne4 8. h3 Bb4+ 9. Nbd2 Bxd2+ 10. Bxd2 Bxf3 11. gxf3 Nxd2 12. Qxd2 Nxd4 13.
O-O-O Qd7 14. Qxd4 O-O-O 15. Qxa7 Qc6 16. Qa8# 1-0

[Event "East Detroit (MCO/2/49)"]
[Site "?"]
[Date "1984.??.??"]
[Round "?"]
[White "Harrell, J.."]
[Black "Dmuchowski, Frank"]
[Result "0-1"]
[WhiteElo "1605"]
[BlackElo "1605"]
[PlyCount "74"]
[EventDate "1984.??.??"]

{2/(49)} 1. d4 f5 2. Nf3 d6 3. e3 Nf6 4. g3 g6 5. Bg2 Bg7 6. Nbd2 O-O 7. c4 c6
8. O-O Kh8 9. Ng5 Qe8 10. f4 h6 11. Ngf3 Ng4 12. Qe2 e5 13. dxe5 dxe5 14. h3 e4
15. Nd4 Nf6 16. N2b3 Na6 17. Bd2 c5 18. Nb5 b6 19. Rad1 Qc6 20. Bc3 Be6 21. Nd6
Rad8 22. Be5 Nh5 23. Bxg7+ Kxg7 24. Nxf5+ Bxf5 25. g4 Ng3 26. Qf2 Nxf1 27. gxf5
Rxd1 28. Bxf1 Rxf5 29. Qc2 Rd7 30. Bg2 Rd3 31. Nd2 Nb4 32. Qb1 Rxd2 33. Kh2 Qe6
34. Kg3 Rh5 35. b3 Rxg2+ 36. Kxg2 Qxh3+ 37. Kf2 Qf3+ 0-1

[Event "Plymouth (MI Op/7/23)"]
[Site "?"]
[Date "1984.??.??"]
[Round "?"]
[White "Haluska, James"]
[Black "Yuhas, L.."]
[Result "1-0"]
[WhiteElo "1995"]
[BlackElo "1785"]
[PlyCount "129"]
[EventDate "1984.??.??"]

{7/(23)} 1. e4 d6 2. d4 Nf6 3. Nc3 g6 4. Nf3 Bg7 5. h3 a6 6. Bc4 O-O 7. O-O
Nbd7 8. e5 dxe5 9. dxe5 Ne8 10. e6 fxe6 11. Bxe6+ Kh8 12. Ng5 Nd6 13. Nd5 Nc5
14. Re1 c6 15. Nf4 Rf6 16. Qg4 Bh6 17. Bxc8 Bxg5 18. Qxg5 Nce4 19. Qe5 Rxc8 20.
f3 Ng3 21. Nxg6+ hxg6 22. Qxg3 Nf5 23. Qe5 Kh7 24. Bg5 Rf7 25. Rad1 Qb6+ 26.
Kh2 Rd8 27. Rxd8 Qxd8 28. g4 Nd4 29. Bxe7 Qd7 30. Kg3 Rxf3+ 31. Kg2 Rf7 32. Re4
Nf3 33. Qd6 Qe8 34. Qd8 Nh4+ 35. Kg1 Nf3+ 36. Kh1 Qxd8 37. Bxd8 Rd7 38. Re7+
Rxe7 39. Bxe7 Ne1 40. c4 Kg7 41. Bb4 Nd3 42. Bc3+ Kh6 43. Kh2 b5 44. cxb5 axb5
45. Kg3 g5 46. h4 gxh4+ 47. Kxh4 b4 48. g5+ Kg6 49. Bf6 c5 50. Kg4 c4 51. Bd4
Nc1 52. a4 bxa3 53. bxa3 Ne2 54. Be3 c3 55. a4 c2 56. a5 Nc3 57. a6 Nb5 58. Bc1
Na7 59. Kf4 Nb5 60. Ke4 Kf7 61. Kd3 Ke7 62. Kxc2 Kd7 63. g6 Ke6 64. g7 Kf7 65.
Bb2 1-0

[Event "Plymouth (MI Op/3/15)"]
[Site "?"]
[Date "1984.??.??"]
[Round "?"]
[White "Haluska, James"]
[Black "Youssef, I.."]
[Result "1-0"]
[WhiteElo "1995"]
[BlackElo "2115"]
[PlyCount "71"]
[EventDate "1984.??.??"]

{3/(15)} 1. e4 d5 2. exd5 Nf6 3. d4 Nxd5 4. c4 Nf6 5. Nc3 g6 6. Nf3 Bg7 7. Be2
O-O 8. O-O c6 9. h3 Qc7 10. Be3 Nbd7 11. Qd2 Ne8 12. Rad1 f5 13. Bf4 e5 14.
dxe5 Nxe5 15. Rfe1 Nxf3+ 16. Bxf3 Qf7 17. Nd5 Be6 18. Rxe6 Qxe6 19. Re1 Qf7 20.
Re7 Qxe7 21. Nxe7+ Kh8 22. Qd7 Rf7 23. Qxb7 Rd8 24. Bxc6 Bf6 25. Nxg6+ Kg7 26.
Qb5 hxg6 27. Bxe8 Re7 28. Bc6 g5 29. Be3 f4 30. Bc5 Re1+ 31. Kh2 g4 32. Bd5 f3
33. Qb7+ Kh8 34. Qf7 Be5+ 35. g3 Rb8 36. Qh5+ 1-0

[Event "Plymouth (MI Op/1b/15)"]
[Site "?"]
[Date "1984.??.??"]
[Round "?"]
[White "Haluska, James"]
[Black "Morris, Jason"]
[Result "1/2-1/2"]
[WhiteElo "1995"]
[BlackElo "1755"]
[PlyCount "54"]
[EventDate "1984.??.??"]

1. e4 c6 2. d4 d5 3. Nc3 dxe4 4. Nxe4 Nd7 5. Bc4 Ngf6 6. Ng5 e6 7. N1f3 h6 8.
Nh3 Bd6 9. O-O Qc7 10. Re1 O-O 11. Qe2 c5 12. g3 b6 13. Ba6 Bxa6 14. Qxa6 Qc6
15. Qe2 Rac8 16. c3 Rfe8 17. dxc5 Bxc5 18. Be3 e5 19. Nd2 Rcd8 20. f3 e4 21.
Qf2 exf3 22. Bxc5 Nxc5 23. Qxf3 Qxf3 24. Nxf3 Nd3 25. Rxe8+ Rxe8 26. b3 Re2 27.
Rd1 Nc5 1/2-1/2

[Event "Plymouth (MI Op/5/28)"]
[Site "?"]
[Date "1984.??.??"]
[Round "?"]
[White "Haluska, James"]
[Black "Almquist, W.."]
[Result "0-1"]
[WhiteElo "1995"]
[BlackElo "1620"]
[PlyCount "48"]
[EventDate "1984.??.??"]

{5/(28)} 1. e4 c5 2. Nf3 d6 3. d3 Nc6 4. g3 Nf6 5. Bg2 g6 6. O-O Bg7 7. c3 O-O
8. Nbd2 a6 9. Re1 Qc7 10. d4 cxd4 11. cxd4 e6 12. Nb3 b5 13. Bd2 Bb7 14. Rc1
Rac8 15. d5 exd5 16. exd5 Nxd5 17. Nfd4 Qb6 18. Nxc6 Bxc6 19. Ba5 Qb7 20. Nd4
Bxd4 21. Qxd4 Nb4 22. Rxc6 Nxc6 23. Qf6 b4 24. Bd5 Qb5 0-1

[Event "Plymouth (MI Op/1a/31)"]
[Site "?"]
[Date "1984.??.??"]
[Round "?"]
[White "Halstead, Kevin"]
[Black "Vandenburg, V.E.."]
[Result "1-0"]
[WhiteElo "1605"]
[BlackElo "1640"]
[PlyCount "37"]
[EventDate "1984.??.??"]

1. e4 e6 2. d4 a6 3. Nf3 b5 4. Be3 Bb7 5. Nbd2 Nf6 6. Bd3 Bb4 7. c3 Be7 8. Qc2
h6 9. O-O d6 10. Rfe1 Nbd7 11. Nf1 Rc8 12. Ng3 c5 13. Qd2 d5 14. Bf4 dxe4 15.
Nxe4 Nh5 16. Nd6+ Bxd6 17. Bxd6 Bxf3 18. Rxe6+ fxe6 19. Bg6# 1-0

[Event "Plymouth (MI Op/5/35)"]
[Site "?"]
[Date "1984.??.??"]
[Round "?"]
[White "Halstead, Kevin"]
[Black "Shavalier, J.."]
[Result "0-1"]
[WhiteElo "1605"]
[BlackElo "2065"]
[PlyCount "26"]
[EventDate "1984.??.??"]

{5/(35)} 1. e4 e6 2. d4 d5 3. Nc3 Nf6 4. Bg5 Bb4 5. e5 h6 6. Bh4 g5 7. Bg3 Ne4
8. Nge2 c5 9. f3 Nxg3 10. hxg3 cxd4 11. Qxd4 Nc6 12. Qe3 d4 13. Nxd4 Qxd4 0-1

[Event "Plymouth (MI Op/3/10)"]
[Site "?"]
[Date "1984.??.??"]
[Round "?"]
[White "Halstead, Kevin"]
[Black "Bailey, Greg"]
[Result "1/2-1/2"]
[WhiteElo "1605"]
[BlackElo "1985"]
[PlyCount "101"]
[EventDate "1984.??.??"]

{3/(10)} 1. e4 c6 2. d4 d5 3. Nc3 dxe4 4. Nxe4 Nf6 5. Nxf6+ gxf6 6. c3 Bf5 7.
Nf3 Bg7 8. Bc4 Qd6 9. Qb3 Be6 10. Bxe6 Qxe6+ 11. Qxe6 fxe6 12. Bf4 Nd7 13. Kd2
Kf7 14. Rhe1 c5 15. Re4 cxd4 16. cxd4 Rhd8 17. b4 a5 18. Kc3 Rdc8+ 19. Kb3 a4+
20. Kb2 Rc4 21. a3 e5 22. Rae1 Rac8 23. R1e2 Rc3 24. dxe5 Nxe5 25. Nxe5+ fxe5
26. Bxe5 Rb3+ 27. Ka2 Bxe5 28. Rxe5 Rc7 29. Rb2 Rd3 30. Rc5 Rcd7 31. Rbc2 Rb3
32. R5c3 Rxc3 33. Rxc3 Rd2+ 34. Kb1 Rxf2 35. Rf3+ Rxf3 36. gxf3 Kf6 37. Kc2 Kf5
38. Kd3 Kf4 39. Ke2 b5 40. Kf2 e6 41. Ke2 e5 42. Kf2 h6 43. Ke2 h5 44. Kf2 e4
45. fxe4 Kxe4 46. Ke2 Kd4 47. Kd2 Ke4 48. Ke2 Kd4 49. Kd2 Ke4 50. Ke2 h4 51. h3
1/2-1/2

[Event "Plymouth (MI Op/2/79)"]
[Site "?"]
[Date "1984.??.??"]
[Round "?"]
[White "Haley, W.."]
[Black "Simmons, P.."]
[Result "1-0"]
[WhiteElo "1605"]
[BlackElo "1605"]
[PlyCount "77"]
[EventDate "1984.??.??"]

{2/(79)} 1. e4 c5 2. Nf3 Nc6 3. d3 d6 4. g3 g6 5. Bg2 Nf6 6. c3 Bg7 7. O-O O-O
8. Nbd2 a6 9. a4 Na5 10. Re1 Re8 11. Rb1 Bd7 12. Nf1 b5 13. axb5 axb5 14. e5
Ng4 15. Bf4 Qc7 16. h3 Nxe5 17. Nxe5 Ra7 18. Nxd7 Qxd7 19. Be3 Rc8 20. Nd2 d5
21. b4 Nb7 22. bxc5 Qc6 23. d4 e6 24. Qb3 Ra5 25. c4 Rb8 26. cxb5 Qe8 27. Qb4
Bf8 28. Bf4 Rba8 29. Bxd5 Ra4 30. Qb2 Qe7 31. c6 Nd6 32. b6 Bg7 33. b7 Rb8 34.
Be5 Bxe5 35. Rxe5 Qc7 36. Bg2 f6 37. Rxe6 Nf5 38. Rxf6 Nxd4 39. Qb6 1-0

[Event "Plymouth (MI Op/5/47)"]
[Site "?"]
[Date "1984.??.??"]
[Round "?"]
[White "Haley, W.."]
[Black "Kraft, R.."]
[Result "1/2-1/2"]
[WhiteElo "1605"]
[BlackElo "1765"]
[PlyCount "59"]
[EventDate "1984.??.??"]

{5/(47)} 1. e4 e5 2. Nf3 Nc6 3. d3 Nf6 4. g3 Bc5 5. Bg2 d6 6. O-O Be6 7. h3 Qd7
8. Kh2 O-O-O 9. Ng5 Rdg8 10. Nxe6 fxe6 11. c3 g5 12. b4 Bb6 13. a4 a5 14. b5
Ne7 15. Be3 Bxe3 16. fxe3 Rf8 17. Nd2 Rf7 18. c4 Rhf8 19. Qe1 h5 20. Nb3 b6 21.
Nxa5 bxa5 22. Qxa5 Kd8 23. b6 cxb6 24. Qxb6+ Qc7 25. Qxc7+ Kxc7 26. Rfb1 Rb8
27. a5 Rxb1 28. Rxb1 Nc6 29. a6 Rd7 30. d4 1/2-1/2

[Event "Plymouth (MI Op/1a/40)"]
[Site "?"]
[Date "1984.??.??"]
[Round "?"]
[White "Hale, M.."]
[Black "Serwatowski, Felix"]
[Result "1-0"]
[WhiteElo "1605"]
[BlackElo "1605"]
[PlyCount "57"]
[EventDate "1984.??.??"]

1. d4 Nf6 2. g3 d5 3. Bg2 e6 4. c4 Be7 5. Nf3 O-O 6. O-O Nc6 7. cxd5 exd5 8.
Nc3 Bg4 9. Ne5 Bh5 10. Nxc6 bxc6 11. Qd3 a6 12. e4 Bg6 13. a3 a5 14. Re1 c5 15.
Qb5 cxd4 16. Nxd5 Nxd5 17. exd5 Qd6 18. Bf4 Qb6 19. Qxb6 cxb6 20. Rxe7 Rae8 21.
d6 Bf5 22. Bc6 Rc8 23. d7 Rxc6 24. Rae1 Bxd7 25. Rxd7 h6 26. Rxd4 Rc2 27. b4
axb4 28. Rxb4 Rb8 29. Bxb8 1-0

[Event "Plymouth (MI Op/5/58)"]
[Site "?"]
[Date "1984.??.??"]
[Round "?"]
[White "Hale, M.."]
[Black "Selitsky, B.."]
[Result "1-0"]
[WhiteElo "1605"]
[BlackElo "1790"]
[PlyCount "69"]
[EventDate "1984.??.??"]

{5/(58)} 1. d4 d5 2. c4 e6 3. Nf3 Nf6 4. g3 Be7 5. Bg2 O-O 6. O-O dxc4 7. Nbd2
c3 8. bxc3 Nbd7 9. Bb2 Rb8 10. Nc4 b6 11. Nfe5 Nxe5 12. Nxe5 Bb7 13. Nc6 Bxc6
14. Bxc6 Ne8 15. Qd3 a5 16. c4 Nf6 17. Rfd1 Qd6 18. d5 exd5 19. cxd5 Qb4 20.
Qc2 Qg4 21. Rd4 Qh5 22. Rh4 Qg6 23. Qxg6 hxg6 24. Rd4 Rfd8 25. Rad1 Bc5 26. Rc4
Ne8 27. Bd4 Bxd4 28. Rcxd4 Nd6 29. e4 f6 30. Re1 Nc8 31. e5 fxe5 32. Rxe5 Na7
33. Ba4 b5 34. Bb3 Nc6 35. dxc6+ 1-0

[Event "Plymouth (MI Op/3/23)"]
[Site "?"]
[Date "1984.??.??"]
[Round "?"]
[White "Hale, M.."]
[Black "Bassin, C.."]
[Result "0-1"]
[WhiteElo "1605"]
[BlackElo "2035"]
[PlyCount "93"]
[EventDate "1984.??.??"]

{3/(23)} 1. d4 Nf6 2. c4 g6 3. Nc3 Bg7 4. Nf3 O-O 5. g3 d6 6. Bg2 Nc6 7. O-O e5
8. dxe5 dxe5 9. Bg5 Qxd1 10. Rfxd1 Be6 11. Bxf6 Bxf6 12. Nd5 Bd8 13. a3 f6 14.
Nd2 Ne7 15. Ne4 Nf5 16. Nc5 Bc8 17. Rd2 c6 18. Nc3 Be7 19. Nd7 Rd8 20. Rad1 Nd4
21. e3 Rxd7 22. exd4 exd4 23. Rxd4 Rxd4 24. Rxd4 Be6 25. b4 Rd8 26. Rxd8+ Bxd8
27. c5 f5 28. Bf1 Bf6 29. Nb1 Ba2 30. Nd2 Kf7 31. Bc4+ Bxc4 32. Nxc4 Ke6 33.
Ne3 Bb2 34. Nc2 Kd5 35. Kf1 Kc4 36. Ke2 Kc3 37. Kd1 Kb3 38. Kd2 Bxa3 39. Nxa3
Kxa3 40. Kc3 Ka4 41. Kc4 a5 42. bxa5 Kxa5 43. h3 Ka4 44. g4 Ka5 45. g5 Ka4 46.
h4 Ka5 47. h5 0-1

[Event "Plymouth (MI Op/2/14)"]
[Site "?"]
[Date "1984.??.??"]
[Round "?"]
[White "Hahn, David"]
[Black "Pierce, Kevin"]
[Result "0-1"]
[WhiteElo "2100"]
[BlackElo "1955"]
[PlyCount "120"]
[EventDate "1984.??.??"]

{2/(14)} 1. e4 g6 2. d4 Bg7 3. c4 d6 4. Nc3 Nf6 5. f3 O-O 6. Bg5 h6 7. Be3 Nc6
8. Qd2 Kh7 9. Nge2 e5 10. d5 Ne7 11. g4 Nfg8 12. h4 f5 13. g5 h5 14. O-O-O a6
15. Kb1 Bd7 16. Nc1 Nc8 17. Bd3 Nge7 18. Nb3 c5 19. dxc6 Nxc6 20. Be2 a5 21.
Nb5 a4 22. Na1 fxe4 23. fxe4 Qe7 24. Nxd6 Nd4 25. Nxc8 Raxc8 26. Nc2 Bc6 27.
Bd3 Nf3 28. Qc3 Rcd8 29. Nb4 Rc8 30. Nxc6 Rxc6 31. Rhf1 b5 32. c5 Nd4 33. Rxf8
Rxc5 34. Qxc5 Qxc5 35. Rf7 Qc8 36. Rc1 Qg4 37. Bxd4 exd4 38. Bxb5 Qxe4+ 39. Ka1
a3 40. bxa3 d3+ 41. Rxg7+ Kxg7 42. Rc7+ Kf8 43. Rc8+ Kf7 44. Bc4+ Ke7 45. Bb3
d2 46. Rc7+ Kd8 47. Rc3 Qe1+ 48. Kb2 d1=N+ 49. Bxd1 Qxd1 50. Rc4 Kd7 51. a4 Kd6
52. a3 Kd5 53. Rb4 Qd2+ 54. Kb1 Kc5 55. Ka1 Qc2 56. a5 Qf2 57. a6 Qf1+ 58. Kb2
Qxa6 59. Kb3 Qd3+ 60. Kb2 Qd1 0-1

[Event "Plymouth (MI Op/4/18)"]
[Site "?"]
[Date "1984.??.??"]
[Round "?"]
[White "Hahn, David"]
[Black "Mikus, Jim"]
[Result "1-0"]
[WhiteElo "2100"]
[BlackElo "1800"]
[PlyCount "65"]
[EventDate "1984.??.??"]

{4/(18)} 1. e4 c6 2. c4 d5 3. exd5 cxd5 4. cxd5 Qxd5 5. Nc3 Qd8 6. d4 Nf6 7.
Nf3 a6 8. Bc4 e6 9. a3 Be7 10. O-O O-O 11. Re1 b5 12. Ba2 Bb7 13. Bg5 Nbd7 14.
Qe2 Nb6 15. Rad1 Nbd5 16. Bb1 Nxc3 17. bxc3 Bxa3 18. Qd3 g6 19. h4 Be7 20. Ne5
Nh5 21. Bh6 Ng7 22. h5 Bg5 23. hxg6 f5 24. Qh3 hxg6 25. Nxg6 Bxh6 26. Qxh6 Qf6
27. d5 Kf7 28. dxe6+ Ke8 29. Qd2 Bc6 30. Qd6 Rc8 31. Nxf8 Qxf8 32. e7 Qh8 33.
Qd8+ 1-0

[Event "Plymouth (MI Op/6/5)"]
[Site "?"]
[Date "1984.??.??"]
[Round "?"]
[White "Hahn, David"]
[Black "Cooper, T.."]
[Result "1-0"]
[WhiteElo "2100"]
[BlackElo "2155"]
[PlyCount "79"]
[EventDate "1984.??.??"]

{6/(5)} 1. e4 c6 2. c4 d5 3. exd5 cxd5 4. cxd5 Nf6 5. Qa4+ Nbd7 6. Nc3 g6 7.
Bc4 Bg7 8. Nf3 O-O 9. Qb3 Nb6 10. d3 Bf5 11. Be3 Nfd7 12. Nh4 Nxc4 13. dxc4 Bd3
14. Rd1 Ne5 15. c5 Bc4 16. Qc2 Nd3+ 17. Rxd3 Bxd3 18. Qxd3 e6 19. Nf3 exd5 20.
O-O Qa5 21. Qxd5 Qb4 22. Qb3 Qxb3 23. axb3 Rfd8 24. h3 Rd3 25. Ne1 Rd7 26. b4
a6 27. Nf3 a5 28. b5 Bxc3 29. bxc3 a4 30. Bd4 a3 31. Ra1 a2 32. Kf1 Ra5 33. Ne1
Rxb5 34. Rxa2 f5 35. Nf3 Rd8 36. Ne5 Re8 37. g3 Rb1+ 38. Kg2 Rb5 39. Ra7 Rd8
40. Nc4 1-0

[Event "Plymouth (MI Op/5/66)"]
[Site "?"]
[Date "1984.??.??"]
[Round "?"]
[White "Haakonstad, Olaf"]
[Black "Steverson, Bunnard"]
[Result "1-0"]
[WhiteElo "1635"]
[BlackElo "1605"]
[PlyCount "59"]
[EventDate "1984.??.??"]

{5/(66)} 1. e4 e5 2. Nf3 Nc6 3. Bb5 d6 4. d4 Bd7 5. O-O Nf6 6. Re1 g6 7. Bg5
Bg7 8. Nc3 O-O 9. Bxc6 bxc6 10. dxe5 dxe5 11. Nxe5 Qe8 12. Bxf6 Bxf6 13. Nxd7
Bxc3 14. bxc3 Qe7 15. Nxf8 Rxf8 16. Qd4 Qa3 17. Qc4 c5 18. Rab1 c6 19. Rb7 Qa5
20. Reb1 Qa3 21. Qb3 Qa5 22. Rb8 Rxb8 23. Qxb8+ Kg7 24. Qe5+ Kh6 25. Qf4+ Kg7
26. Rb7 Qxa2 27. g4 Qxc2 28. Rxf7+ Kg8 29. Rf8+ Kg7 30. g5 1-0

[Event "East Detroit (MCO/6/26)"]
[Site "?"]
[Date "1984.??.??"]
[Round "?"]
[White "Haakonstad, Olaf"]
[Black "Nixon, Peter"]
[Result "1-0"]
[WhiteElo "1715"]
[BlackElo "1605"]
[PlyCount "57"]
[EventDate "1984.??.??"]

{6/(26)} 1. e4 c5 2. Nf3 Nc6 3. d4 cxd4 4. Nxd4 Nf6 5. Nc3 g6 6. Be2 Bg7 7. Be3
O-O 8. Qd2 Re8 9. O-O-O a6 10. Nxc6 bxc6 11. e5 Nd5 12. Nxd5 cxd5 13. Qxd5 Rb8
14. Bc4 e6 15. Qd6 Qa5 16. Qxb8 Bxe5 17. Qa8 Qb4 18. Bb3 a5 19. a3 Qb5 20. Qa7
d6 21. f4 Bf6 22. Bd4 Bxd4 23. Qxd4 Rd8 24. Rhe1 Bb7 25. Qf6 Qd7 26. Rxe6 d5
27. Re7 Qf5 28. Qxf5 gxf5 29. Rxb7 1-0

[Event "East Detroit (MCO/3/13)"]
[Site "?"]
[Date "1984.??.??"]
[Round "?"]
[White "Haakonstad, Olaf"]
[Black "Kulbacki, James"]
[Result "1-0"]
[WhiteElo "1715"]
[BlackElo "1975"]
[PlyCount "47"]
[EventDate "1984.??.??"]

{3/(13)} 1. e4 c5 2. Nf3 d6 3. d4 cxd4 4. Nxd4 Nf6 5. Nc3 Nc6 6. Be2 e5 7. Ndb5
a6 8. Na3 b5 9. Nd5 b4 10. Nxf6+ Qxf6 11. Nc4 Qg6 12. O-O Qxe4 13. Nxd6+ Bxd6
14. Bf3 Qc4 15. Qxd6 Bb7 16. Re1 f6 17. Bd5 Qb5 18. Qe6+ Ne7 19. Qf7+ Kd8 20.
Bxb7 Qxb7 21. Be3 Qc7 22. Rad1+ Kc8 23. Qe6+ Kb8 24. Rd7 1-0

[Event "East Detroit (MCO/1/41)"]
[Site "?"]
[Date "1984.??.??"]
[Round "?"]
[White "Haakonstad, Olaf"]
[Black "Keeley, G.."]
[Result "1/2-1/2"]
[WhiteElo "1715"]
[BlackElo "1605"]
[PlyCount "121"]
[EventDate "1984.??.??"]

{1/(41)} 1. e4 c5 2. Nf3 d6 3. d4 cxd4 4. Nxd4 Nf6 5. Nc3 Nc6 6. Bc4 e6 7. Be3
a6 8. O-O b5 9. Nxc6 Qc7 10. Bd3 Qxc6 11. a3 Bb7 12. f4 Be7 13. Qe2 O-O 14. Kh1
Rac8 15. e5 dxe5 16. fxe5 Nd7 17. Be4 Qc7 18. Bxb7 Qxb7 19. Bd4 f6 20. exf6
Nxf6 21. Qxe6+ Rf7 22. Rae1 Re8 23. Bxf6 gxf6 24. Rxf6 Bxf6 25. Qxe8+ Kg7 26.
Qe4 Re7 27. Qxb7 Rxb7 28. Re3 Rf7 29. Rf3 Re7 30. Kg1 Re1+ 31. Kf2 Rc1 32. Ke3
Rxc2 33. Rf2 Bd4+ 34. Kxd4 Rxf2 35. g3 Rxh2 36. b3 Rg2 37. Ne4 Ra2 38. a4 bxa4
39. bxa4 Rxa4+ 40. Kd3 a5 41. Nd6 Ra3+ 42. Kc4 Rxg3 43. Nf5+ Kg6 44. Nxg3 h6
45. Kb5 Kg5 46. Kxa5 Kg4 47. Nf1 h5 48. Kb4 Kf3 49. Kc3 Kf2 50. Nd2 h4 51. Ne4+
Kf3 52. Kd3 Kf4 53. Ke2 Kxe4 54. Kf2 Kf4 55. Kg2 Kg4 56. Kh2 h3 57. Kh1 Kf3 58.
Kg1 Kg3 59. Kh1 Kh4 60. Kg1 Kg3 61. Kh1 1/2-1/2

[Event "Plymouth (MI Op/1a/32)"]
[Site "?"]
[Date "1984.??.??"]
[Round "?"]
[White "Haakonstad, Olaf"]
[Black "Golonka, Stan"]
[Result "1-0"]
[WhiteElo "1635"]
[BlackElo "1605"]
[PlyCount "73"]
[EventDate "1984.??.??"]

1. e4 e6 2. d4 d5 3. Nd2 c5 4. c3 cxd4 5. cxd4 dxe4 6. Nxe4 Nf6 7. Bd3 Bb4+ 8.
Nc3 O-O 9. Nf3 Nc6 10. O-O b6 11. Bc2 Bb7 12. Qd3 Bxc3 13. bxc3 Ne7 14. Re1 h6
15. c4 Bxf3 16. gxf3 Nf5 17. Bb2 g6 18. Rad1 Nh5 19. d5 exd5 20. cxd5 Rc8 21.
Bc1 Kh7 22. Re5 Qf6 23. Rxf5 gxf5 24. Qxf5+ Qg6+ 25. Qxg6+ fxg6 26. Be4 Nf6 27.
d6 Nxe4 28. fxe4 Rfd8 29. e5 Rc6 30. Bf4 g5 31. Bg3 Kg7 32. e6 Rc7 33. Be5+ Kf8
34. e7+ Rxe7 35. dxe7+ Kxe7 36. Bf6+ Kxf6 37. Rxd8 1-0

[Event "Plymouth (MI Op/6/39)"]
[Site "?"]
[Date "1984.??.??"]
[Round "?"]
[White "Haakonstad, Olaf"]
[Black "Baze, Lineas"]
[Result "0-1"]
[WhiteElo "1635"]
[BlackElo "1965"]
[PlyCount "46"]
[EventDate "1984.??.??"]

{6/(39)} 1. e4 c5 2. Nf3 e6 3. d4 cxd4 4. Nxd4 Nc6 5. Bc4 Nf6 6. Nc3 Bb4 7. f3
d5 8. Bb5 Bd7 9. O-O O-O 10. Kh1 Nxd4 11. Bxd7 Nxc2 12. exd5 Nxa1 13. dxe6 fxe6
14. Bxe6+ Kh8 15. Bg5 Qxd1 16. Rxd1 Bxc3 17. bxc3 Rfe8 18. Bf7 Re7 19. Bh5 Nc2
20. Bxf6 gxf6 21. f4 Rc8 22. h3 Re1+ 23. Rxe1 Nxe1 0-1

[Event "Plymouth (MI Op/4/7)"]
[Site "?"]
[Date "1984.??.??"]
[Round "?"]
[White "Groisser, D.."]
[Black "Smith, Walt"]
[Result "1-0"]
[WhiteElo "2145"]
[BlackElo "1980"]
[PlyCount "43"]
[EventDate "1984.??.??"]

{4/(7)} 1. e4 c5 2. Nf3 d6 3. d4 cxd4 4. Nxd4 Nf6 5. Nc3 g6 6. Be2 Bg7 7. Be3
a6 8. f3 Nc6 9. Qd2 d5 10. exd5 Nxd5 11. Nxc6 bxc6 12. Bh6 Bf6 13. Ne4 Bxb2 14.
Rb1 Be5 15. f4 Bc7 16. O-O Bb6+ 17. Kh1 Ne3 18. Qc3 Bd4 19. Qxc6+ Bd7 20. Nd6+
exd6 21. Qe4+ Qe7 22. Qxa8+ 1-0